[Event "Rostov on Don rapid GP Stage 28th"]
[Site "Rostov on Don"]
[Date "2021.10.29"]
[Round "1"]
[White "Nazaretyan, Tigran"]
[Black "Zenkova, Dariya"]
[Result "1-0"]
[WhiteElo "2316"]
[BlackElo "1590"]
[PlyCount "79"]
[EventDate "2021.10.29"]
[EventType "swiss"]
[EventRounds "11"]
[EventCountry "RUS"]
[SourceTitle "CBM 204 Extra"]
[Source "ChessBase"]
[SourceDate "2021.11.30"]
[SourceVersion "1"]
[SourceVersionDate "2021.11.30"]
[SourceQuality "1"]

1. d4 f5 2. Nf3 Nf6 3. g3 g6 4. Bg2 Bg7 5. 0-0 0-0 6. c3 d6 7. Qb3+ Kh8 8. Ng5 d5 9. Nd2 c6 10. Ndf3 h6 11. Nh3 Qb6 12. Nf4 Kh7 13. Qc2 Ne4 14. Ne5 Bxe5 15. dxe5 Na6 16. Be3 Qd8 17. Rad1 Nc7 18. c4 Be6 19. f3 Ng5 20. h4 Nf7 21. Nxe6 Nxe6 22. cxd5 cxd5 23. f4 Nc7 24. h5 e6 25. hxg6+ Kxg6 26. g4 Qe7 27. Bc5 Qd7 28. Bxf8 Rxf8 29. Rf3 Nd8 30. Rg3 Kh7 31. gxf5 exf5 32. e3 Nde6 33. Bh3 Qf7 34. Kh2 Ng7 35. Qc5 Nh5 36. Rg2 Rc8 37. Rdg1 Qd7 38. Qd6 Qf7 39. Rg6 Qf8 40. Bxf5 1-0